| 000 | 00904nas a2200289 4500 | ||
|---|---|---|---|
| 001 | BR2012007187 | ||
| 003 | BR-BrBNA | ||
| 005 | 20231205121219.0 | ||
| 007 | ta | ||
| 008 | 230509b bl.|||p| |||| 00| 00por d | ||
| 040 |
_aBR-BrBNA _bpor _cBiblioteca Nacional de Agricultura |
||
| 041 | _a(Pt) | ||
| 072 | _aM40 | ||
| 100 | 1 | _aBoehs, G. | |
| 100 | 1 | _aAbsher, T.M. | |
| 100 | 1 | _aKaled, A.C. da C. | |
| 245 | 1 | _aEcologia populacional de Anomalocardia brasiliana (GMELIN, 1791)(BIVALVIA, VENERIDAE)na baía de Paranaguá, Paraná, Brasil | |
| 650 | _aBERBIGÃO | ||
| 650 | _aANOMALOCARDIA BRASILIANA | ||
| 650 | _aMOLUSCO | ||
| 650 | _aDINÂMICA POPULACIONAL | ||
| 650 | _aPREDADOR | ||
| 650 | _aPARANÁ | ||
| 773 | 0 |
_tBoletim do Instituto de Pesca (Brazil) _xISSN 0046-9939 _g(2008), v. 34 (2) p. 259-270 _wBR2012007187 |
|
| 909 |
_a202311 _bLúcia _c55 _dLúcia Elande |
||
| 942 |
_2AGRIS _n0 _cANA |
||
| 999 |
_c222360 _d222360 |
||